[Event "Schachfestival Basel"]
[Site "?"]
[Date "2017.01.07"]
[Round "7.16"]
[White "Arcuti, Davide"]
[Black "Seul, Georg"]
[Result "1/2-1/2"]
[WhiteElo "2269"]
[BlackElo "2405"]
[PlyCount "162"]
[EventDate "2017.01.??"]
[EventType "swiss"]
[EventRounds "9"]

1. d4 Nf6 2. c4 e6 3. Nc3 Bb4 4. Qc2 c5 5. dxc5 Bxc5 6. Nf3 Qb6 7. e3 Qc7 8. a3
b6 9. Be2 Bb7 10. O-O a6 11. h3 Be7 12. Bd2 d6 13. Rac1 Nbd7 14. Qb1 Rc8 15.
Nd4 Qb8 16. Rfe1 O-O 17. Qa2 Qa8 18. Bf1 Rfe8 19. a4 Bd8 20. b3 Bc7 21. Qb1 Kh8
22. Red1 Ne5 23. Be1 Ng6 24. Qb2 Nh4 25. f3 Ng6 26. Bg3 Qb8 27. Qf2 Rcd8 28.
Rd2 Qc8 29. Bd3 Qd7 30. Qf1 Qe7 31. Rdc2 Nh5 32. Bh2 Ne5 33. Be4 Bb8 34. Bxb7
Qxb7 35. Qe2 Nf6 36. Rd1 h6 37. Bg3 Ng6 38. Qf2 Rc8 39. Rdc1 Rc5 40. Bh2 Rec8
41. Qd2 Qe7 42. Kh1 h5 43. Na2 h4 44. Nb4 Qb7 45. Nd3 Ra5 46. Qe1 e5 47. Ne2 e4
48. fxe4 Qxe4 49. Ndf4 Nxf4 50. Bxf4 g5 51. Nc3 Qg6 52. Bh2 Rac5 53. Rd2 b5 54.
axb5 axb5 55. Bxd6 Bxd6 56. Rxd6 bxc4 57. Rxf6 Qxf6 58. Ne4 Qe7 59. Nxc5 Rxc5
60. Rxc4 Re5 61. Qc3 Kh7 62. Qd3+ Kg7 63. e4 Ra5 64. Ra4 Rc5 65. Rc4 Ra5 66.
Qc3+ Qe5 67. Qxe5+ Rxe5 68. b4 f5 69. exf5 Re1+ 70. Kh2 Kf6 71. Rc5 Re2 72. Kg1
Rb2 73. b5 Kf7 74. Kf1 Kf6 75. Rd5 Kf7 76. Re5 Kf6 77. Rc5 Kf7 78. b6 Rxb6 79.
Kf2 Kf6 80. Kf3 Rb4 81. g4 hxg3 1/2-1/2

[Event "Schachfestival Basel"]
[Site "?"]
[Date "2017.01.07"]
[Round "7.17"]
[White "Alvarez Marquez, Johan"]
[Black "Bluhm, Sonja Maria"]
[Result "1/2-1/2"]
[WhiteElo "2404"]
[BlackElo "2276"]
[PlyCount "120"]
[EventDate "2017.01.??"]
[EventType "swiss"]
[EventRounds "9"]

1. d4 Nf6 2. c4 g6 3. Nc3 Bg7 4. e4 d6 5. f4 O-O 6. Nf3 c5 7. dxc5 Qa5 8. Bd3
Qxc5 9. Qe2 Bg4 10. Be3 Qa5 11. O-O Nc6 12. Rac1 Nd7 13. Qf2 Nc5 14. Bb1 Bxf3
15. gxf3 Qb4 16. f5 Rac8 17. Kh1 Qxc4 18. Nd5 Qb5 19. Qh4 Qxb2 20. f4 Qe2 21.
e5 Nd3 22. Rcd1 Ndb4 23. Rde1 Qh5 24. Qxh5 gxh5 25. Nxe7+ Nxe7 26. f6 dxe5 27.
Rg1 Ng6 28. fxg7 Rfe8 29. Bd2 Nc2 30. Ref1 exf4 31. Bxf4 Kxg7 32. Bg5 Ne3 33.
Rf3 Ng4 34. h3 N4e5 35. Bf6+ Kf8 36. Rf5 Rc6 37. Rgf1 Ree6 38. Be4 Rcd6 39.
Bxb7 Rd3 40. Rxh5 Nf3 41. Rf5 Nd2 42. Rc1 Rxh3+ 43. Kg2 Rhe3 44. Rc8+ Re8 45.
Rxe8+ Rxe8 46. Rc5 Ne4 47. Bxe4 Rxe4 48. Rc7 Re6 49. Rc8+ Re8 50. Bg7+ Ke7 51.
Rc7+ Ke6 52. Rxa7 Rd8 53. Ra6+ Rd6 54. Rxd6+ Kxd6 55. a4 Kc5 56. a5 Kb5 57. Bc3
f5 58. Bd2 h5 59. Kg3 Ka6 60. Kh3 f4 1/2-1/2

[Event "Schachfestival Basel"]
[Site "?"]
[Date "2017.01.07"]
[Round "7.18"]
[White "Botta, Gabriele"]
[Black "Nandhidhaa, PV."]
[Result "1/2-1/2"]
[WhiteElo "2377"]
[BlackElo "2268"]
[PlyCount "85"]
[EventDate "2017.01.??"]
[EventType "swiss"]
[EventRounds "9"]

1. e4 c5 2. Nf3 e6 3. c3 Nf6 4. e5 Nd5 5. Bc4 Nb6 6. Bb3 d6 7. exd6 Bxd6 8. O-O
O-O 9. d4 cxd4 10. cxd4 Nc6 11. Nc3 Nb4 12. Bg5 Be7 13. Bxe7 Qxe7 14. a3 N4d5
15. Nxd5 Nxd5 16. Bxd5 exd5 17. Qb3 Be6 18. Rfe1 Rfd8 19. Rac1 h6 20. h3 b6 21.
Rc6 Qb7 22. Ne5 Rac8 23. Rxc8 Rxc8 24. Ng6 fxg6 25. Rxe6 Rc1+ 26. Kh2 Qc7+ 27.
Re5 Rc4 28. Qg3 Qf7 29. Qe3 Rc2 30. f4 Rxb2 31. Re8+ Kh7 32. Re7 Qf5 33. Rxa7
Qe4 34. Qxe4 dxe4 35. Ra4 Rb3 36. Kg1 Rd3 37. Kf2 Kg8 38. d5 Rxd5 39. Rxe4 Rd3
40. Re3 Rd2+ 41. Kf3 Rb2 42. g3 b5 43. Ke4 1/2-1/2

[Event "Schachfestival Basel"]
[Site "?"]
[Date "2017.01.07"]
[Round "7.19"]
[White "Stillger, Bernhard"]
[Black "Kozak, Adam"]
[Result "1/2-1/2"]
[WhiteElo "2261"]
[BlackElo "2376"]
[PlyCount "53"]
[EventDate "2017.01.??"]
[EventType "swiss"]
[EventRounds "9"]

1. d4 Nf6 2. Nf3 d5 3. c4 e6 4. g3 Bb4+ 5. Nbd2 O-O 6. Bg2 dxc4 7. Qc2 b5 8. a4
Bb7 9. axb5 Qd5 10. O-O Qxb5 11. Qxc4 Qb6 12. Qc2 Nbd7 13. Nc4 Qb5 14. b3 Be4
15. Qa2 a5 16. Bd2 Nb6 17. Rfc1 Bd5 18. Qc2 h6 19. Nfe5 Bxg2 20. Kxg2 Nxc4 21.
bxc4 Qb7+ 22. f3 Rfd8 23. Be3 Nd7 24. Nd3 Bf8 25. Bf2 c5 26. dxc5 Qc7 27. Rcb1
1/2-1/2

[Event "Schachfestival Basel"]
[Site "?"]
[Date "2017.01.07"]
[Round "7.20"]
[White "Low, Zhen Yu Cyrus"]
[Black "Mesaros, Florian"]
[Result "1/2-1/2"]
[WhiteElo "2245"]
[BlackElo "2372"]
[PlyCount "136"]
[EventDate "2017.01.??"]
[EventType "swiss"]
[EventRounds "9"]

1. e4 e5 2. Nf3 Nc6 3. Bc4 Bc5 4. c3 Nf6 5. d4 exd4 6. cxd4 Bb4+ 7. Nbd2 Nxe4
8. d5 Ne7 9. O-O Nxd2 10. Bxd2 Bxd2 11. d6 cxd6 12. Qxd2 O-O 13. Rad1 d5 14.
Bxd5 d6 15. Bb3 Nf5 16. Ng5 Bd7 17. Qf4 Qf6 18. g4 Nh6 19. Qxf6 gxf6 20. Rxd6
Bb5 21. Rc1 Kg7 22. Rc7 fxg5 23. Rc5 Bc6 24. Rxg5+ Kh8 25. Rxh6 f6 26. Rgh5 Be4
27. Bd5 Bb1 28. Rh3 Kg7 29. R6h5 Bg6 30. Bxb7 Bxh5 31. Bxa8 Bxg4 32. Rg3 Rxa8
33. Rxg4+ Kh6 34. Kf1 Re8 35. b4 Re5 36. a4 a6 37. Rg3 Re6 38. b5 axb5 39. axb5
Rb6 40. Rb3 Kg5 41. Ke2 Kf4 42. Kd3 Kf3 43. Rb2 h5 44. Kd4 h4 45. Kc5 Rb8 46.
b6 f5 47. Kd6 f4 48. Ke5 h3 49. b7 Re8+ 50. Kd6 Rd8+ 51. Kc6 Rb8 52. Kc7 Rh8
53. Kd6 Rd8+ 54. Kc7 Rh8 55. b8=Q Rxb8 56. Kxb8 Kg2 57. f3+ Kxf3 58. Kc7 Ke4
59. Rb4+ Kf3 60. Rb2 Ke4 61. Rb4+ Kf3 62. Kd6 Kg2 63. Rb2+ Kg1 64. Rb3 Kxh2 65.
Ke5 f3 66. Rxf3 Kg2 67. Kf4 h2 68. Rg3+ Kf2 1/2-1/2

[Event "Schachfestival Basel"]
[Site "?"]
[Date "2017.01.07"]
[Round "7.21"]
[White "Keetman, Maaike"]
[Black "Warmerdam, Max"]
[Result "0-1"]
[WhiteElo "2232"]
[BlackElo "2350"]
[PlyCount "86"]
[EventDate "2017.01.??"]
[EventType "swiss"]
[EventRounds "9"]

1. e4 c5 2. Nf3 d6 3. d4 cxd4 4. Nxd4 Nf6 5. Nc3 a6 6. h3 e6 7. g4 h6 8. Bg2 g5
9. b3 Nbd7 10. Qd2 Ne5 11. Bb2 Be7 12. O-O-O Nfd7 13. Kb1 b6 14. h4 Rg8 15.
hxg5 hxg5 16. f3 Bb7 17. Ba3 Nc5 18. Rh7 Ng6 19. Nde2 b5 20. Qd4 Qb6 21. Rdh1
a5 22. Bc1 b4 23. Nd1 a4 24. Bd2 axb3 25. cxb3 Qa7 26. Nc1 Nxb3 27. Qxb4 Nxc1
28. Kxc1 Bc6 29. Nc3 Ne5 30. Qb1 Qf2 31. R7h2 Rc8 32. Bf1 Qd4 33. Ba6 Ra8 34.
Be2 Bf6 35. Rd1 Ke7 36. Qc2 Rab8 37. Rh6 Qc5 38. Rdh1 Rb4 39. Nd1 Qxc2+ 40.
Kxc2 Ba4+ 41. Kc3 Rb1 42. Ne3 Rc8+ 43. Kd4 Nxf3+ 0-1

[Event "Schachfestival Basel"]
[Site "?"]
[Date "2017.01.07"]
[Round "7.22"]
[White "Guennigmann, Manuel"]
[Black "Heinz, Timothee"]
[Result "0-1"]
[WhiteElo "2183"]
[BlackElo "2346"]
[PlyCount "104"]
[EventDate "2017.01.??"]
[EventType "swiss"]
[EventRounds "9"]

1. e4 e6 2. d4 d5 3. Nc3 Nf6 4. e5 Nfd7 5. Nce2 c5 6. c3 Nc6 7. Nf3 a5 8. g3 a4
9. Bh3 Nb6 10. O-O Bd7 11. Nf4 a3 12. b3 cxd4 13. cxd4 Nb4 14. Bd2 Bb5 15. Bxb4
Bxb4 16. Nd3 Qe7 17. Qe2 Bc3 18. Rac1 Bb2 19. Rc2 Nc8 20. Rc5 Ba6 21. Qc2 O-O
22. Rd1 Bxd3 23. Qxd3 Na7 24. Qd2 Nc6 25. Rb5 Rfc8 26. Bf1 Na7 27. Rc5 Rxc5 28.
dxc5 Qxc5 29. Bd3 Nc6 30. Qf4 h6 31. g4 Qc3 32. g5 Nxe5 33. Nxe5 Qxe5 34. Qxe5
Bxe5 35. gxh6 gxh6 36. Rc1 Bd6 37. Kg2 Kg7 38. h3 Ra5 39. Rc8 Rc5 40. Rxc5 Bxc5
41. f4 Kf6 42. Kf3 Ke7 43. Bh7 Bb4 44. Ke3 Bc3 45. Kd3 Bb2 46. Ke3 f6 47. Kf3
Kd6 48. Bg8 e5 49. fxe5+ fxe5 50. Bf7 Kc5 51. b4+ Kd4 52. b5 b6 0-1

[Event "Schachfestival Basel"]
[Site "?"]
[Date "2017.01.07"]
[Round "7.23"]
[White "Halfhide, Sebastian"]
[Black "Antal, Tibor Kende"]
[Result "0-1"]
[WhiteElo "2222"]
[BlackElo "2420"]
[PlyCount "86"]
[EventDate "2017.01.??"]
[EventType "swiss"]
[EventRounds "9"]

1. e4 c5 2. Nf3 d6 3. d4 cxd4 4. Nxd4 Nf6 5. Nc3 a6 6. Bg5 Nbd7 7. Qd2 h6 8.
Bh4 e6 9. Bd3 Qb6 10. Nb3 Be7 11. Qe2 Qc7 12. O-O-O b5 13. a3 Bb7 14. Bg3 Ne5
15. f4 Nxd3+ 16. Qxd3 O-O 17. f5 e5 18. Bh4 Ng4 19. Qg3 Bxh4 20. Qxg4 Bg5+ 21.
Kb1 Rac8 22. h4 Bf6 23. Qe2 Qe7 24. g3 Rxc3 25. bxc3 Rc8 26. Kb2 Rc4 27. Nd2
Ra4 28. Ra1 d5 29. Rhd1 Qc7 30. Qe3 dxe4 31. Nb3 Be7 32. Rd2 Bc8 33. Rf2 a5 34.
Rff1 h5 35. Qe2 Rc4 36. Qe3 Bd7 37. Rf2 a4 38. Nd2 Bc5 39. Qe2 Rxc3 40. Nxe4
Bd4 41. Kc1 Re3 42. Qxh5 Rxe4 43. f6 Re1+ 0-1

[Event "Schachfestival Basel"]
[Site "?"]
[Date "2017.01.07"]
[Round "7.24"]
[White "Engel, Luis"]
[Black "Kappeler, Kaspar"]
[Result "1-0"]
[WhiteElo "2373"]
[BlackElo "2241"]
[PlyCount "83"]
[EventDate "2017.01.??"]
[EventType "swiss"]
[EventRounds "9"]

1. e4 e5 2. Nf3 Nf6 3. Nxe5 d6 4. Nf3 Nxe4 5. Nc3 Nxc3 6. dxc3 Be7 7. Bf4 O-O
8. Qd2 Nd7 9. O-O-O Re8 10. Bd3 Nc5 11. Bc4 Be6 12. Bxe6 Nxe6 13. Be3 c6 14. g4
d5 15. h4 Bc5 16. Rhe1 Qa5 17. Kb1 Bxe3 18. Qxe3 Qb6 19. Nd4 Rad8 20. h5 c5 21.
Nf5 h6 22. Qe5 Qc6 23. a3 a5 24. Re3 b5 25. Red3 f6 26. Nxh6+ gxh6 27. Qxf6 Nd4
28. Qxc6 Nxc6 29. Rxd5 c4 30. Kc1 Rxd5 31. Rxd5 Ne5 32. Rxb5 Nxg4 33. Rxa5 Nxf2
34. a4 Rd8 35. Kb1 Rd1+ 36. Ka2 Rd2 37. Ra8+ Kf7 38. a5 Rd5 39. Ka3 Rb5 40. a6
Ne4 41. a7 Rb7 42. Rf8+ 1-0

[Event "Schachfestival Basel"]
[Site "?"]
[Date "2017.01.07"]
[Round "7.25"]
[White "Akshat, Kamparia"]
[Black "Vulevic, Vjekoslav"]
[Result "1-0"]
[WhiteElo "2358"]
[BlackElo "2225"]
[PlyCount "83"]
[EventDate "2017.01.??"]
[EventType "swiss"]
[EventRounds "9"]

1. d4 Nf6 2. c4 e6 3. Nc3 Bb4 4. Bg5 c5 5. d5 d6 6. e3 O-O 7. Bd3 h6 8. Bh4
exd5 9. cxd5 Nbd7 10. Nge2 a6 11. O-O Bxc3 12. bxc3 b5 13. a4 bxa4 14. e4 Ne5
15. Bc2 Ng6 16. Bg3 Nh5 17. Rxa4 Nxg3 18. Nxg3 Bd7 19. Ra3 Bb5 20. Bd3 Ne5 21.
Be2 c4 22. Qd4 Rc8 23. Nf5 f6 24. Qe3 Kh7 25. Nd4 Qb6 26. f4 Nd7 27. Bg4 Rce8
28. Bf5+ g6 29. Be6 Nc5 30. f5 g5 31. h4 Nd3 32. hxg5 hxg5 33. Rf3 Ne5 34. Rh3+
Kg7 35. Rh5 Qa7 36. Kf1 Rh8 37. Rxg5+ Kf8 38. Rg3 Qc5 39. Ra2 Rh1+ 40. Ke2 Qb6
41. Rg8+ Ke7 42. Nc6+ 1-0

[Event "Schachfestival Basel"]
[Site "?"]
[Date "2017.01.07"]
[Round "7.26"]
[White "Faibisovich, Vadim Z"]
[Black "Jakel, Wolfgang"]
[Result "1-0"]
[WhiteElo "2320"]
[BlackElo "2223"]
[PlyCount "127"]
[EventDate "2017.01.??"]
[EventType "swiss"]
[EventRounds "9"]

1. d4 d5 2. Nf3 c5 3. e3 Nc6 4. c4 e6 5. Nc3 Nf6 6. a3 a6 7. dxc5 Bxc5 8. b4
Ba7 9. Bb2 O-O 10. Be2 d4 11. exd4 Bxd4 12. Nxd4 Nxd4 13. O-O e5 14. Bf3 Be6
15. Bxb7 Ra7 16. Bd5 Bxd5 17. cxd5 Nxd5 18. Ne2 Nxe2+ 19. Qxe2 Re8 20. Rad1 Qa8
21. Qe4 Nb6 22. Rfe1 Qxe4 23. Rxe4 f6 24. f4 Rd7 25. Rxd7 Nxd7 26. fxe5 Nxe5
27. Bxe5 fxe5 28. Kf2 Kf7 29. Ke3 Rc8 30. Kd3 Rd8+ 31. Kc3 Ke6 32. Rc4 Kd6 33.
Kd3 Rf8 34. Ke3 Rb8 35. a4 Rb7 36. h4 Rf7 37. Rg4 Kd5 38. Kd3 g6 39. Rc4 Kd6
40. Rc5 Rf4 41. Kc3 Rg4 42. Ra5 Rg3+ 43. Kd2 Rxg2+ 44. Ke3 Rg4 45. Rxa6+ Kd5
46. b5 Rxh4 47. a5 Ra4 48. b6 Ra3+ 49. Kd2 Rb3 50. Ra7 Kc6 51. Rc7+ Kb5 52. Ra7
Kc6 53. Rxh7 Rb5 54. Rc7+ Kd6 55. Rc8 Kd7 56. Rg8 Kc6 57. Rxg6+ Kb7 58. Rg7+
Kb8 59. Ra7 Rb1 60. Kc3 e4 61. Kc4 Kc8 62. Re7 Ra1 63. Kb5 Rb1+ 64. Ka6 1-0

[Event "Schachfestival Basel"]
[Site "?"]
[Date "2017.01.07"]
[Round "7.27"]
[White "Tschann, Stephan"]
[Black "Beeke, Bob"]
[Result "1/2-1/2"]
[WhiteElo "2208"]
[BlackElo "2315"]
[PlyCount "113"]
[EventDate "2017.01.??"]
[EventType "swiss"]
[EventRounds "9"]

1. d4 d5 2. c4 c6 3. Nc3 Nf6 4. e3 a6 5. Qc2 e6 6. Nf3 c5 7. cxd5 exd5 8. Be2
Nc6 9. Ne5 cxd4 10. Nxc6 bxc6 11. exd4 Bd7 12. O-O Bd6 13. Bg5 Qc7 14. h3 O-O
15. Bxf6 gxf6 16. Rac1 Qc8 17. Qd2 Qb8 18. Rb1 Bf5 19. Bd3 Bg6 20. Rfe1 Qb4 21.
Bxg6 hxg6 22. Re2 Rae8 23. Rbe1 Rxe2 24. Rxe2 Rb8 25. Qd3 a5 26. b3 Kf8 27. Qd2
Kg7 28. g3 f5 29. Qd3 Rh8 30. Kg2 Bb8 31. Rc2 f4 32. g4 Qd6 33. Qf3 Qf6 34. Ne2
Re8 35. Qc3 Re6 36. Ng1 Bc7 37. Nf3 Qe7 38. Qd3 Qb4 39. Kf1 Bb6 40. Qc3 Qxc3
41. Rxc3 f6 42. Rc2 Kf7 43. g5 Bc7 44. Re2 Ke7 45. gxf6+ Kxf6 46. Rxe6+ Kxe6
47. Ke2 Kf5 48. Kd3 g5 49. Nh2 Bb6 50. Nf3 c5 51. dxc5 Bxc5 52. Nd4+ Kg6 53. f3
Kh5 54. Nf5 Kg6 55. Nd4 Bb6 56. Kc3 Bc5 57. Kd3 1/2-1/2

[Event "Schachfestival Basel"]
[Site "?"]
[Date "2017.01.07"]
[Round "7.28"]
[White "Schmitz, Thorsten"]
[Black "Sieber, Fiona"]
[Result "1/2-1/2"]
[WhiteElo "2314"]
[BlackElo "2203"]
[PlyCount "88"]
[EventDate "2017.01.??"]
[EventType "swiss"]
[EventRounds "9"]

1. d4 Nf6 2. Bg5 Ne4 3. Bf4 c5 4. d5 Qb6 5. Bc1 e6 6. f3 Nf6 7. e4 c4 8. Bxc4
Bc5 9. Ne2 exd5 10. Bxd5 Nxd5 11. Qxd5 d6 12. Qb3 Bf2+ 13. Kf1 Qc5 14. Qc3 O-O
15. Qxc5 Bxc5 16. Nbc3 f5 17. Ng3 Nc6 18. Nxf5 Bxf5 19. exf5 Nb4 20. Bd2 Nxc2
21. Rd1 Rxf5 22. Ne4 Re8 23. Nxc5 dxc5 24. Kf2 Rfe5 25. g4 Re2+ 26. Kg3 Ne3 27.
Bxe3 R8xe3 28. Rd8+ Kf7 29. Rd7+ Re7 30. Rxe7+ Kxe7 31. Rb1 b5 32. a3 c4 33. h4
Ke6 34. h5 a5 35. f4 b4 36. axb4 axb4 37. f5+ Ke5 38. Kf3 Rd2 39. Re1+ Kf6 40.
Re4 c3 41. bxc3 bxc3 42. Rc4 c2 43. Ke3 Rg2 44. Kf4 Rd2 1/2-1/2

[Event "Schachfestival Basel"]
[Site "?"]
[Date "2017.01.07"]
[Round "7.29"]
[White "Schleich, Markus"]
[Black "Eichler, Christoph"]
[Result "1/2-1/2"]
[WhiteElo "2196"]
[BlackElo "2312"]
[PlyCount "27"]
[EventDate "2017.01.??"]
[EventType "swiss"]
[EventRounds "9"]

1. e4 e5 2. Nf3 Nc6 3. d4 exd4 4. Nxd4 Nf6 5. Nxc6 bxc6 6. e5 Qe7 7. Qe2 Nd5 8.
c4 Ba6 9. Nd2 g6 10. Nf3 Qb4+ 11. Kd1 Rb8 12. Qc2 Ne7 13. Qb3 c5 14. Bd2
1/2-1/2

[Event "Schachfestival Basel"]
[Site "?"]
[Date "2017.01.07"]
[Round "7.30"]
[White "Schneider, Jana"]
[Black "Schweizer, Simon"]
[Result "0-1"]
[WhiteElo "2274"]
[BlackElo "2131"]
[PlyCount "100"]
[EventDate "2017.01.??"]
[EventType "swiss"]
[EventRounds "9"]

1. e4 e5 2. Bc4 Nf6 3. d3 c6 4. Nf3 Be7 5. Nc3 d6 6. Bb3 O-O 7. O-O h6 8. Ne2
Re8 9. Ng3 Bf8 10. Re1 g6 11. Bd2 Be6 12. Bxe6 Rxe6 13. c3 Nbd7 14. d4 Qc7 15.
Qc2 Ree8 16. Rad1 c5 17. d5 c4 18. Re2 Nc5 19. Ne1 b5 20. h3 a5 21. Nf1 Bg7 22.
f3 Nh5 23. Qc1 Qa7 24. Rf2 Kh7 25. g4 Nf6 26. Ng3 Rac8 27. h4 Qb8 28. Rh2 Nfd7
29. h5 g5 30. Bxg5 hxg5 31. Qxg5 Bh6 32. Qf5+ Kh8 33. Ng2 Rg8 34. f4 exf4 35.
Nxf4 Rcf8 36. Nh3 Qd8 37. Kh1 Qh4 38. Rg1 Qxg4 39. Rgg2 Be3 40. Qf1 Qxg3 41.
Rxg3 Rxg3 42. Qf5 Rfg8 43. Re2 Bh6 44. Nf4 R8g7 45. Ng2 R3g5 46. Qh3 Ne5 47.
Qc8+ Rg8 48. Qh3 Rg3 49. Qd7 R8g5 50. Qe8+ Kg7 0-1

[Event "Schachfestival Basel"]
[Site "?"]
[Date "2017.01.07"]
[Round "7.32"]
[White "Beukema, Jasper"]
[Black "Pratyusha, Bodda"]
[Result "0-1"]
[WhiteElo "2182"]
[BlackElo "2247"]
[PlyCount "90"]
[EventDate "2017.01.??"]
[EventType "swiss"]
[EventRounds "9"]

1. d4 d5 2. Bf4 Nf6 3. e3 c5 4. Nc3 e6 5. Nb5 Na6 6. c3 Be7 7. Nf3 O-O 8. Ne5
Bd7 9. a4 c4 10. b3 cxb3 11. Qxb3 Qa5 12. Rc1 Rfc8 13. Bd3 Be8 14. Ke2 Nc7 15.
c4 Nxb5 16. axb5 dxc4 17. Bxc4 Ne4 18. Rhd1 a6 19. bxa6 bxa6 20. Bxe6 Rxc1 21.
Bxf7+ Bxf7 22. Qxf7+ Kh8 23. Rxc1 Qd2+ 24. Kf3 Qxc1 25. Kxe4 Bf6 26. Kf3 Qc8
27. Nc4 Qg8 28. Qb7 g5 29. Bd6 g4+ 30. Kg3 h5 31. Ne5 Qe8 32. Kf4 Bg7 33. Kg5
a5 34. Ng6+ Kh7 35. Ne7 Rd8 36. Qe4+ Kh8 37. Ng6+ Kg8 38. Ne7+ Kh8 39. Ng6+ Kg8
40. Be7 Rd6 41. Kxh5 Kh7 42. Kxg4 Rxg6+ 43. Kh5 Bf6 44. d5 Bxe7 45. d6 Qb5+ 0-1

[Event "Schachfestival Basel"]
[Site "?"]
[Date "2017.01.07"]
[Round "7.33"]
[White "Wagner, Benjamin"]
[Black "Zwahr, Paul"]
[Result "1-0"]
[WhiteElo "1926"]
[BlackElo "2325"]
[PlyCount "85"]
[EventDate "2017.01.??"]
[EventType "swiss"]
[EventRounds "9"]

1. e4 e5 2. Nf3 Nc6 3. Bc4 Bc5 4. c3 Nf6 5. d3 O-O 6. O-O d5 7. exd5 Nxd5 8.
Re1 Bg4 9. h3 Bh5 10. Nbd2 Nb6 11. b4 Be7 12. Bb5 f6 13. Ne4 a5 14. Nc5 Qc8 15.
Be3 axb4 16. Bxc6 bxc6 17. cxb4 Rd8 18. Qb3+ Bf7 19. Qc2 Bd5 20. Nd2 Qf5 21. a4
Qg6 22. f3 Bf7 23. Nde4 Nd5 24. Bd2 Rab8 25. Reb1 f5 26. Nf2 Bg5 27. Nd1 Bxd2
28. Qxd2 Nf4 29. Kh2 Qd6 30. Nf2 Qd4 31. a5 Nd5 32. a6 Rxb4 33. Rxb4 Qxa1 34.
Ra4 Qf1 35. a7 Ra8 36. Nd1 Nf4 37. Rb4 Rxa7 38. Rb8+ Be8 39. Rxe8+ Kf7 40. Rxe5
Nxg2 41. Rxf5+ Kg8 42. Qxg2 Qxd1 43. Ne6 1-0

[Event "Schachfestival Basel"]
[Site "?"]
[Date "2017.01.07"]
[Round "7.34"]
[White "Jaber, Daniel"]
[Black "Thiel, Thomas"]
[Result "0-1"]
[WhiteElo "2135"]
[BlackElo "2297"]
[PlyCount "95"]
[EventDate "2017.01.??"]
[EventType "swiss"]
[EventRounds "9"]

1. e4 c5 2. Nf3 Nc6 3. d4 cxd4 4. Nxd4 d5 5. Bb5 dxe4 6. Nxc6 Qxd1+ 7. Kxd1 a6
8. Ba4 Bd7 9. Nc3 Bxc6 10. Bxc6+ bxc6 11. Nxe4 e5 12. f3 f5 13. Nd2 Bd6 14. c3
Nf6 15. Nc4 Bc7 16. Bg5 Kf7 17. Bxf6 Kxf6 18. Kc2 Rad8 19. Rae1 h5 20. Re2 g5
21. h3 Rhg8 22. g4 f4 23. Nd2 Rh8 24. Ne4+ Kg6 25. Rg2 hxg4 26. Rxg4 Rh5 27.
Rhg1 Rdh8 28. Rxg5+ Rxg5 29. Rxg5+ Kf7 30. Rg2 Bd8 31. Rh2 Bh4 32. b4 Rg8 33.
Rd2 Be7 34. a4 Ke6 35. a5 Rg1 36. Kb3 Rf1 37. Rd3 Rh1 38. Kc4 Rxh3 39. Nc5+
Bxc5 40. Kxc5 e4 41. Rd6+ Ke5 42. Kxc6 Rxf3 43. Rd5+ Ke6 44. c4 e3 45. Rd8 Kf7
46. Rd1 e2 47. Re1 Re3 48. b5 0-1

[Event "Schachfestival Basel"]
[Site "?"]
[Date "2017.01.07"]
[Round "7.35"]
[White "Yakimenko, Alexander A"]
[Black "Kolb, Markus"]
[Result "1-0"]
[WhiteElo "2242"]
[BlackElo "2091"]
[PlyCount "61"]
[EventDate "2017.01.??"]
[EventType "swiss"]
[EventRounds "9"]

1. e4 e6 2. d4 d5 3. e5 c5 4. c3 Qb6 5. Nf3 Nc6 6. a3 Nh6 7. b4 cxd4 8. Bxh6
gxh6 9. cxd4 Bg7 10. Nc3 f6 11. Bb5 O-O 12. exf6 Bxf6 13. Bxc6 Qxc6 14. Ne2 a5
15. bxa5 Rxa5 16. Qd2 Qa6 17. Qe3 Bd7 18. O-O Ra8 19. Ne5 Bb5 20. Qg3+ Bg7 21.
Nf4 Rxa3 22. Rxa3 Qxa3 23. Qg4 Qe7 24. Rc1 Bc4 25. h4 b5 26. Nxe6 Kh8 27. Nxg7
Qxg7 28. Qe6 Qg8 29. Qxh6 Ra3 30. h5 Qe8 31. Re1 1-0

[Event "Schachfestival Basel"]
[Site "?"]
[Date "2017.01.07"]
[Round "7.36"]
[White "Biastoch, Bennet"]
[Black "Ruff, Maximilian"]
[Result "0-1"]
[WhiteElo "2134"]
[BlackElo "2228"]
[PlyCount "78"]
[EventDate "2017.01.??"]
[EventType "swiss"]
[EventRounds "9"]

1. e4 e5 2. Nf3 Nc6 3. Bb5 a6 4. Ba4 Nf6 5. O-O Nxe4 6. d4 Be7 7. Re1 b5 8.
Rxe4 d5 9. Nxe5 Nxe5 10. Rxe5 bxa4 11. c4 dxc4 12. Qxa4+ Bd7 13. Qxc4 O-O 14.
Nc3 Rb8 15. Re1 Bd6 16. Ne4 Be6 17. Qxa6 Bb4 18. Rd1 Qh4 19. Ng3 Bd5 20. Qe2
Bd6 21. b3 Rbe8 22. Qd2 f5 23. f3 f4 24. Nf1 Re6 25. Qf2 Qe7 26. Rd2 Bb4 27.
Rb2 Bc3 28. Rab1 Qf6 29. Rd2 Bxd2 30. Bxd2 Rfe8 31. Re1 Rxe1 32. Bxe1 Qf5 33.
Bb4 Qd3 34. Qd2 Qf5 35. Bc5 g5 36. h3 h5 37. Nh2 Qb1+ 38. Nf1 Re1 39. Qf2 Qd1
0-1

[Event "Schachfestival Basel"]
[Site "?"]
[Date "2017.01.07"]
[Round "7.37"]
[White "Heinemann, Josefine"]
[Black "Ramaraju, N."]
[Result "1/2-1/2"]
[WhiteElo "2227"]
[BlackElo "2124"]
[PlyCount "39"]
[EventDate "2017.01.??"]
[EventType "swiss"]
[EventRounds "9"]

1. e4 c5 2. Nf3 e6 3. d4 cxd4 4. Nxd4 Nc6 5. Nc3 Qc7 6. Be3 a6 7. Bd3 b5 8.
Nxc6 Qxc6 9. O-O Bb7 10. a3 Nf6 11. Qe2 h5 12. h3 Be7 13. Rae1 Bxa3 14. Nxb5
axb5 15. bxa3 Nxe4 16. Bxb5 Nc3 17. Bxc6 Nxe2+ 18. Rxe2 Bxc6 19. Rb1 d5 20. Bc5
1/2-1/2

[Event "Schachfestival Basel"]
[Site "?"]
[Date "2017.01.07"]
[Round "7.38"]
[White "Srienz, Christian"]
[Black "Schmider, Niklas"]
[Result "1/2-1/2"]
[WhiteElo "2223"]
[BlackElo "2065"]
[PlyCount "86"]
[EventDate "2017.01.??"]
[EventType "swiss"]
[EventRounds "9"]

1. Nf3 c5 2. c4 Nc6 3. Nc3 g6 4. e3 Nf6 5. d4 cxd4 6. exd4 d5 7. Be2 Bg7 8. O-O
O-O 9. h3 dxc4 10. Bxc4 Na5 11. Be2 Be6 12. b3 Rc8 13. Bd2 Nc6 14. Be3 Nd5 15.
Nxd5 Bxd5 16. Rc1 Qd7 17. Bb5 Qd6 18. Bxc6 Bxc6 19. Ne5 Bb5 20. Re1 Qd5 21. Qf3
Qxf3 22. Nxf3 Bc6 23. Ne5 Bd5 24. Nd3 b6 25. Nb4 Bb7 26. Red1 a5 27. Nd3 Rxc1
28. Rxc1 Rc8 29. Rxc8+ Bxc8 30. Kf1 Bb7 31. g3 h5 32. Ke2 Kf8 33. Kd2 b5 34.
Ne5 Ke8 35. Kd3 Bd5 36. Bd2 a4 37. bxa4 bxa4 38. a3 Kd8 39. Kc3 Kc7 40. Kb4 Bb3
41. Bf4 Kb6 42. Be3 Bxe5 43. dxe5+ Kc6 1/2-1/2

[Event "Schachfestival Basel"]
[Site "?"]
[Date "2017.01.07"]
[Round "7.39"]
[White "Pfatteicher, Lukas"]
[Black "Cholleti, Sahajasri"]
[Result "1/2-1/2"]
[WhiteElo "2216"]
[BlackElo "1987"]
[PlyCount "86"]
[EventDate "2017.01.??"]
[EventType "swiss"]
[EventRounds "9"]

1. d4 Nf6 2. c4 e6 3. Nc3 Bb4 4. Qc2 O-O 5. Nf3 c5 6. dxc5 Na6 7. g3 Nxc5 8.
Bg2 Nce4 9. O-O Nxc3 10. bxc3 Be7 11. e4 d6 12. e5 dxe5 13. Nxe5 Qc7 14. Qe2
Nd7 15. Bf4 Nxe5 16. Bxe5 Bd6 17. Rfe1 Rb8 18. Rad1 Bxe5 19. Qxe5 Qxe5 20. Rxe5
b6 21. c5 f6 22. cxb6 axb6 23. Re3 e5 24. Bd5+ Kh8 25. c4 Bb7 26. Rb3 Bxd5 27.
cxd5 Rfd8 28. Rb5 Kg8 29. Rc1 Rd6 30. a4 Rbd8 31. Rc7 Rxd5 32. Rxb6 R8d7 33.
Rxd7 Rxd7 34. a5 Rd1+ 35. Kg2 Ra1 36. a6 Ra3 37. Rb8+ Kf7 38. Rb7+ Kg6 39. a7
f5 40. h4 h5 41. Rb6+ Kf7 42. Rb7+ Kf6 43. Rb6+ Kf7 1/2-1/2

[Event "Schachfestival Basel"]
[Site "?"]
[Date "2017.01.07"]
[Round "7.40"]
[White "Ditter, Juergen"]
[Black "Bethke, Richard"]
[Result "1-0"]
[WhiteElo "2140"]
[BlackElo "2055"]
[PlyCount "41"]
[EventDate "2017.01.??"]
[EventType "swiss"]
[EventRounds "9"]

1. e4 c5 2. Nf3 d6 3. d4 cxd4 4. Nxd4 Nf6 5. Nc3 a6 6. Bc4 e6 7. Bb3 b5 8. f4
Bb7 9. O-O Nc6 10. Nxc6 Bxc6 11. f5 e5 12. Bg5 Qb6+ 13. Kh1 b4 14. Bxf6 bxc3
15. Bxg7 Bxg7 16. Qxd6 Ra7 17. Ba4 Rc7 18. Rad1 Bf6 19. Qxf6 O-O 20. Qg5+ Kh8
21. f6 1-0